000 00590nam a2200205 a 4500
005 20180803165004.0
008 140305b1981 ck |||||rm||| 00| 0 eng d
040 _aCO-BoIAVH
_cCO-BoIAVH
041 _aspa
044 _ack
090 _aTE
_b0029
100 _aBohorquez Bohorquez, Camilo Antonio
245 _aEspecies del género Eurytides (Hübner, 1821)
260 _aBogotá
_bUniversidad Nacional de Colombia. Faculdad de Ciencias
_c1981
300 _a2 vol.
650 _aLepidoptera
650 _aInventarios
662 _aColombia
942 _cTESIS
_2z
_02
999 _c2320
_d2320